000 00642nam a2200241Ia 4500
003 0100
005 20160802135145.0
008 130303s9999 xx 000 0 und d
020 _a0198750560
040 _cARRUPELIB
050 _aB2779.K36 1982
245 _aKant on pure reason
260 _aNew York
260 _bOxford University Press
300 _a201p.
300 _b 21cm
600 _aKant, Immanuel
_xKritik der reinen Vernunft
_y1724-1804
_924473
650 _aKnowledge, Theory of
_924474
650 _aCausation
_924475
650 _aReason
_924476
700 _aWalker, Ralph C.S
_924477
942 _2lcc
_cMONOGRAPH
999 _c15457
_d15457